Tajomstvo úspechu troch majstrov

Gespeichert in:
Bibliographische Detailangaben
1. Verfasser: Hill, Napoleon
Weitere Verfasser: Murphy, Joseph, Carnegie, Dale, Šajgalíková, Helena, Sýkorová, Monika
Format: Buch
Sprache:Slowakisch
Veröffentlicht: Bratislava AKTUELL 2015
Ausgabe:1. vyd.
Schlagworte:
Tags: Tag hinzufügen
Keine Tags, Fügen Sie das erste Tag hinzu!

MARC

LEADER 00000nam a2200000 4500
001 0209284
005 20240502073457.6
020 |a 978-80-8172-006-2 
041 0 |a slo 
044 |a SK 
245 1 0 |a Tajomstvo úspechu troch majstrov  |c Napoleon Hill, Joseph Murphy, Dale Carnegie ; preklad: Helena Šajgalíková, Monika Sýkorová 
250 |a 1. vyd. 
264 1 |a Bratislava  |b AKTUELL  |c 2015 
300 |a 381 s. [19,78 AH] 
610 2 0 |a psychológia 
610 2 0 |a sebavýchova 
610 2 0 |a sebarealizácia 
610 2 0 |a sebariadenie 
610 2 0 |a úroveň životná 
610 2 0 |a rozhodovanie 
610 2 0 |a úspech pracovný 
610 2 0 |a vodcovstvo 
610 2 0 |a lídri 
100 1 |a Hill, Napoleon 
700 1 |a Murphy, Joseph 
700 1 |a Carnegie, Dale 
700 1 |a Šajgalíková, Helena 
700 1 |a Sýkorová, Monika